Kočovníci severu /
Uložené v:
| Hlavný autor: | |
|---|---|
| Ďalší autori: | , |
| Médium: | Kniha |
| Jazyk: | Slovak English |
| Vydané: |
Bratislava :
Mladé letá,
1970.
|
| Vydanie: | 1. vyd. |
| Edícia: | Klub mladých čitateĺov
|
| ISBN: |
(viaz.) |
| Fyzický popis: |
195 s. : il. |
| Tagy: |
Pridať tag
Žiadne tagy, Buďte prvý kto otaguje tento záznam!
|
Titul je dostupný aj v ... 

MARC
| LEADER | 00000nam a2200000 a 4500 | ||
|---|---|---|---|
| 001 | 000189310 | ||
| 005 | 20090926181048.0 | ||
| 008 | 000321s1970 xr u slo d | ||
| 020 | |a (viaz.) | ||
| 040 | |a SVKKK |b slo |c SVKKK |e AACR2 | ||
| 041 | 1 | |a slo |h eng | |
| 044 | |a xo |c SK | ||
| 100 | 1 | |a Curwood, James Oliver, |d 1878-1927 |4 aut | |
| 245 | 1 | 0 | |a Kočovníci severu / |c James Oliver Curwood ; z angl. orig. preložil Štefan Kýška ; ilustroval Vladimír Machaj. |
| 250 | |a 1. vyd. | ||
| 260 | |a Bratislava : |b Mladé letá, |c 1970. | ||
| 300 | |a 195 s. : |b il. | ||
| 490 | 1 | |a Klub mladých čitateĺov | |
| 700 | 1 | |a Kýška, Štefan, |d 1914-1984. |4 trl | |
| 700 | 1 | |a Machaj, Vladimír, |d 1929- |4 ill | |
| 910 | |a svkkk | ||
| 998 | |a BK | ||
| 090 | |g SCKHL |k Sklad Pribinova 2. posch. |a II.181135 |j 461205 |i 2720282061 |s Absenčne | ||